00564cam a22001812 4500001001100000005001700011008004100028020002800069040001500097050002300112100003300135245007600168250001200244260004200256300001600298650003600314700003200350000000165820151217145725.0070321s xx 000 0 eng d a0256141207 :cKES 2,278 aKABUcKABU 0aHD30.28b.C42 19931 aCerto, Samuel C.@000015069710aStrategic management :ba focus on process /cSamuel C. Certo, J. Paul. a2nd ed. aBurr Ridge, IIIinois :bIrwin,c1993. axxv, 372 p. 0aStrategic planning.@00001505761 aPeter, J. Paul.@0000151417